Tiger Hills / (Record no. 51314)

MARC details
000 -LEADER
fixed length control field 01481nam a22002778a 4500
005 - DATE AND TIME OF LATEST TRANSACTION
control field 20110330144636.0
020 ## - INTERNATIONAL STANDARD BOOK NUMBER
International Standard Book Number 9780670084845
Terms of availability 599.00
035 ## - SYSTEM CONTROL NUMBER
System control number B-424127-131
037 ## - SOURCE OF ACQUISITION
Source of stock number/acquisition Penguin Books
037 ## - SOURCE OF ACQUISITION
Source of stock number/acquisition RBC-22385/2010-11/14.3.11/281/4.3.11/21.311
082 00 - DEWEY DECIMAL CLASSIFICATION NUMBER
Classification number N
100 1# - MAIN ENTRY--PERSONAL NAME
Personal name Mandanna, Sarita
245 10 - TITLE STATEMENT
Title Tiger Hills /
Statement of responsibility, etc by Sarita Mandanna
260 ## - PUBLICATION, DISTRIBUTION, ETC. (IMPRINT)
Place of publication, distribution, etc New Delhi
Name of publisher, distributor, etc Penguin Books
Date of publication, distribution, etc 2010
270 ## - ADDRESS
Address 11 Community Centre, Panchsheel Park
City New Delhi
Postal code 110017
300 ## - PHYSICAL DESCRIPTION
Extent 451p.
Dimensions 25cm (Hb)
650 #0 - SUBJECT ADDED ENTRY--TOPICAL TERM
Topical term or geographic name as entry element Coffee plantations
Geographic subdivision India
Form subdivision Fiction.
942 ## - ADDED ENTRY ELEMENTS (KOHA)
Source of classification or shelving scheme Dewey Decimal Classification
Item type English Books
Classification part N
Call number suffix MAN
Holdings
Withdrawn status Lost status Not for loan Collection code Home library Current library Date acquired Source of acquisition Cost, normal purchase price Full call number Barcode Copy number Cost, replacement price Koha item type
      Fiction Central Library Central Library 08/08/2011 RBC-22385/2010-11/14.3.11/281/4.3.11/21.311 599.00 N MAN B-424127 1 599.00 English Books
      Fiction Karol Bagh Karol Bagh 08/08/2011 RBC-22385/2010-11/14.3.11/281/4.3.11/21.311 599.00 N MAN B-424130 1 599.00 English Books
      Fiction Patel Nagar Patel Nagar 08/08/2011 RBC-22385/2010-11/14.3.11/281/4.3.11/21.311 599.00 N MAN B-424128 1 599.00 English Books
      Fiction Sarojini Nagar Sarojini Nagar 08/08/2011 RBC-22385/2010-11/14.3.11/281/4.3.11/21.311 599.00 N MAN B-424129 1 599.00 English Books
      Fiction Shahdara Branch Shahdara Branch 08/08/2011 RBC-22385/2010-11/14.3.11/281/4.3.11/21.311 599.00 N MAN B-424131 1 599.00 English Books

© Delhi Public Library
Hit Counter
free hit counter